La poblacion de Madrid en 1986 (Registro nro. 6224)
[ vista simple ]
| 000 -LEADER | |
|---|---|
| campo de control de longitud fija | 01107nam a2200217 i 4500 |
| 001 - NÚMERO DE CONTROL | |
| campo de control | 6224 |
| 003 - IDENTIFICADOR DE NÚMERO DE CONTROL | |
| campo de control | ES-MaACL |
| 005 - FECHA Y HORA DE LA ÚLTIMA TRANSACCIÓN | |
| campo de control | 20230906144835.0 |
| 007 - CAMPO FIJO DE DESCRIPCIÓN FÍSICA--INFORMACIÓN GENERAL | |
| campo de control de longitud fija | t| |
| 008 - DATOS DE LONGITUD FIJA--INFORMACIÓN GENERAL | |
| campo de control de longitud fija | 890830s1988 sp |||| | spa d |
| 020 ## - NÚMERO INTERNACIONAL ESTÁNDAR DEL LIBRO | |
| Número Internacional Estándar del Libro | 84-7812-010-6 (O.C.) |
| 080 ## - NÚMERO DE LA CLASIFICACIÓN DECIMAL UNIVERSAL | |
| Número de la Clasificación Decimal Universal | 312(464.1)"1986" |
| 245 03 - MENCIÓN DEL TÍTULO | |
| Título | La poblacion de Madrid en 1986 |
| Resto del título | : (clasificada según la división vigente desde el día 1 de julio de 1988). |
| 260 ## - PUBLICACIÓN, DISTRIBUCIÓN, ETC. | |
| Lugar de publicación, distribución, etc. | Madrid : |
| Nombre del editor, distribuidor, etc. | Ayuntamiento, Dirección de Servicios de Informática y Ordenación Administrativa, |
| Fecha de publicación, distribución, etc. | D.L. 1988. |
| 300 ## - DESCRIPCIÓN FÍSICA | |
| Extensión | 2 t. en 9 v. ; |
| Dimensiones | 29 cm. |
| 500 ## - NOTA GENERAL | |
| Nota general | En cub. además: Padrón municipal de habitantes renovado al 1 de abril de 1986. |
| 505 8# - NOTA DE CONTENIDO CON FORMATO | |
| Nota de contenido con formato | Contiene: t. I ; |
| Título | Total municipal - t. II ; |
| -- | Distrito de Barajas; Distrito de Hortaleza; Distrito de Moratalaz; Distrito de Usera; Distrito de Puente de Vallecas; Distrito de Villa de Vallecas; Distrito de Vicálvaro; Distrito de Villaverde |
| 651 ## - PUNTO DE ACCESO ADICIONAL DE MATERIA--NOMBRE GEOGRÁFICO | |
| Nombre geográfico | Madrid (Comunidad Autónoma)- |
| Subdivisión de forma | Censos. |
| 9 (RLIN) | 168225 |
| 710 1# - ENTRADA AGREGADA--NOMBRE DE ENTIDAD CORPORATIVA | |
| Nombre de entidad corporativa o nombre de jurisdicción como elemento de entrada | Madrid. |
| Unidad subordinada | Dirección de Servicios de Informática y Ordenación Administrativa. |
| 9 (RLIN) | 5623 |
| 852 ## - LOCALIZACIÓN | |
| Ubicación | ES-MaACL |
| Número de control de estantería | L-13140-48 |
| Estatus retirado | Estado de pérdida | Estado de daño | No para préstamo | Biblioteca de origen | Biblioteca actual | Ubicación en estantería | Fecha de adquisición | Fuente de adquisición | Total de préstamos | Signatura topográfica completa | Código de barras | Visto por última vez | Precio de reemplazo | Tipo de ítem Koha |
|---|---|---|---|---|---|---|---|---|---|---|---|---|---|---|
| Biblioteca del Ateneo de Madrid | Biblioteca del Ateneo de Madrid | Depósito 2 | 17/01/2008 | L-13140-48 | 1006336 | 23/02/2023 | 23/02/2023 | Libro impreso |
